[Event "Titled Tuesday intern op 04th Feb Late"]
[Site "Chess.com INT"]
[Date "2025.02.04"]
[Round "11"]
[White "Blohberger, Felix"]
[Black "Martin Rueda, Daniel"]
[Result "1-0"]
[WhiteElo "2532"]
[BlackElo "2266"]
[PlyCount "79"]
[EventDate "2025.02.04"]
[EventType "swiss (blitz)"]
[EventRounds "11"]
[EventCountry "USA"]
[SourceTitle "CB07_2025"]
[SourceDate "2025.02.12"]
[SourceVersion "1"]
[SourceVersionDate "2025.02.12"]
[SourceQuality "1"]

1. g3 d5 2. Nf3 c6 3. Bg2 Bg4 4. 0-0 Nd7 5. h3 Bxf3 6. Bxf3 e5 7. d3 Ngf6 8. e4 dxe4 9. dxe4 Bc5 10. Qe2 0-0 11. Nd2 a5 12. a4 Qe7 13. Nc4 Qe6 14. Kg2 Nb6 15. Nxb6 Bxb6 16. Rd1 Rfd8 17. Bd2 Bd4 18. Rdb1 Rd7 19. Be1 g6 20. Ra3 h5 21. h4 Bc5 22. Rb3 Qe7 23. Rd1 Rd4 24. Rxd4 exd4 25. e5 Nd7 26. Rxb7 Qe6 27. Bd2 Nxe5 28. Bf4 Re8 29. Bxe5 Qxe5 30. Qxe5 Rxe5 31. Bxc6 Re2 32. Bd5 Re7 33. Rxe7 Bxe7 34. Kf3 Kg7 35. Ke4 Bc5 36. Kd3 Kf6 37. Kc4 Bb6 38. Kb5 Bd8 39. Bc4 Ke5 40. Bxf7 1-0

[Event "Titled Tuesday intern op 04th Feb Late"]
[Site "Chess.com INT"]
[Date "2025.02.04"]
[Round "6"]
[White "Martin Rueda, Daniel"]
[Black "George Micheal, Kevin"]
[Result "0-1"]
[WhiteElo "2266"]
[BlackElo "2288"]
[PlyCount "70"]
[EventDate "2025.02.04"]
[EventType "swiss (blitz)"]
[EventRounds "11"]
[EventCountry "USA"]
[SourceTitle "CB07_2025"]
[SourceDate "2025.02.12"]
[SourceVersion "1"]
[SourceVersionDate "2025.02.12"]
[SourceQuality "1"]

1. Nf3 c5 2. g3 d5 3. Bg2 Nc6 4. 0-0 e5 5. d3 Nf6 6. e4 d4 7. a4 Be7 8. Na3 Be6 9. Nd2 0-0 10. h3 Ne8 11. f4 f6 12. f5 Bf7 13. g4 a6 14. Nac4 b5 15. axb5 axb5 16. Rxa8 Qxa8 17. Nb6 Qb7 18. Nd5 Bd8 19. h4 Ne7 20. g5 Nxd5 21. exd5 Bxd5 22. Ne4 fxg5 23. hxg5 Qc8 24. Qh5 Qc7 25. Bd2 Kh8 26. g6 h6 27. Ng5 Bxg5 28. Bxg5 Bxg2 29. Bxh6 gxh6 30. Qxh6+ Kg8 31. f6 Rxf6 32. Rxf6 Nxf6 33. Kxg2 Qc6+ 34. Kg3 Qe6 35. Qg5 Kg7 0-1

[Event "Titled Tuesday intern op 04th Feb Late"]
[Site "Chess.com INT"]
[Date "2025.02.04"]
[Round "9"]
[White "Martin Rueda, Daniel"]
[Black "Melikyan, Gnel"]
[Result "1-0"]
[WhiteElo "2266"]
[BlackElo "2217"]
[PlyCount "81"]
[EventDate "2025.02.04"]
[EventType "swiss (blitz)"]
[EventRounds "11"]
[EventCountry "USA"]
[SourceTitle "CB07_2025"]
[SourceDate "2025.02.12"]
[SourceVersion "1"]
[SourceVersionDate "2025.02.12"]
[SourceQuality "1"]

1. Nf3 h6 2. g3 g5 3. Bg2 Bg7 4. d4 d5 5. c3 Bf5 6. h4 g4 7. Nh2 Nf6 8. Nd2 c6 9. 0-0 e6 10. Re1 Nbd7 11. e4 dxe4 12. Nxe4 Nxe4 13. Bxe4 Bxe4 14. Rxe4 h5 15. Bg5 Qb6 16. Qd2 Nf6 17. Re2 Nh7 18. Rae1 Qa5 19. b4 Qf5 20. Bf4 a5 21. Be5 Nf6 22. c4 0-0 23. bxa5 Nd7 24. Bxg7 Kxg7 25. Re5 Nxe5 26. Rxe5 Qb1+ 27. Nf1 Rh8 28. d5 exd5 29. Rg5+ Kf8 30. cxd5 Qe4 31. Qc3 Rh7 32. Qc5+ Qe7 33. d6 Qd7 34. Re5 Re8 35. Ne3 Rh6 36. Rxh5 Rxh5 37. Qxh5 Qxd6 38. Qh8+ Ke7 39. Nf5+ Kd7 40. Qxe8+ Kxe8 41. Nxd6+ 1-0

[Event "ESP-ch 89th"]
[Site "Marbella"]
[Date "2024.12.13"]
[Round "3"]
[White "Jimenez Capilla, Jose Alfonso"]
[Black "Martin Rueda, Daniel"]
[Result "0-1"]
[WhiteElo "2068"]
[BlackElo "2257"]
[PlyCount "74"]
[EventDate "2024.12.11"]
[EventType "swiss"]
[EventRounds "9"]
[EventCountry "ESP"]
[SourceTitle "CB52_2024"]
[SourceDate "2024.12.25"]
[SourceVersion "1"]
[SourceVersionDate "2024.12.25"]
[SourceQuality "1"]

1. e4 c5 2. Nc3 Nc6 3. f4 e6 4. Nf3 Nge7 5. d4 cxd4 6. Nb5 d5 7. exd5 Nxd5 8. Nbxd4 Qb6 9. c3 Bc5 10. Bb5 0-0 11. Bxc6 bxc6 12. 0-0 a5 13. Kh1 Qc7 14. g3 Be7 15. c4 Nf6 16. Qc2 Rd8 17. b3 Bb7 18. Bb2 c5 19. Nb5 Qc6 20. h3 Rd7 21. Kh2 Rad8 22. Rf2 Qxf3 23. Rxf3 Bxf3 24. Bc3 Ne4 25. Be1 Bf6 26. Rc1 Rd2+ 27. Bxd2 Rxd2+ 28. Qxd2 Nxd2 29. Nc3 h5 30. Nb5 Kh7 31. Kg1 Ne4 32. Re1 Nc3 33. Kf2 Bc6 34. Nxc3 Bxc3 35. Re2 Bd4+ 36. Kf1 Kg6 37. Rd2 Kf5 0-1

[Event "Titled Tuesday intern op 26th Nov Late"]
[Site "Chess.com INT"]
[Date "2024.11.26"]
[Round "2"]
[White "Bakhtadze, Giorgi"]
[Black "Martin Rueda, Daniel"]
[Result "1-0"]
[WhiteElo "2445"]
[BlackElo "2257"]
[PlyCount "77"]
[EventDate "2024.11.26"]
[EventType "swiss (blitz)"]
[EventRounds "11"]
[EventCountry "USA"]
[SourceTitle "CB49_2024"]
[SourceDate "2024.12.04"]
[SourceVersion "1"]
[SourceVersionDate "2024.12.04"]
[SourceQuality "1"]

1. Nf3 d5 2. g3 c6 3. Bg2 Bg4 4. 0-0 Nd7 5. c4 e6 6. b3 Ngf6 7. Bb2 Bd6 8. d3 Qe7 9. Nbd2 0-0 10. Qc2 e5 11. e4 dxe4 12. dxe4 Ba3 13. h3 Bxf3 14. Bxf3 Bxb2 15. Qxb2 a5 16. a3 Nc5 17. Qc3 Rfd8 18. b4 Rd3 19. Qc2 Rad8 20. Rfd1 axb4 21. axb4 Ne6 22. Be2 R3d4 23. Nf3 Rxd1+ 24. Rxd1 Nd4 25. Nxd4 exd4 26. Bd3 Qxb4 27. e5 Nd7 28. Bxh7+ Kf8 29. e6 fxe6 30. Be4 Nf6 31. Bd3 e5 32. Rb1 Qe7 33. Re1 Re8 34. f3 Qd6 35. Be4 Ra8 36. c5 Qe7 37. Bd3 Qf7 38. Bc4 Qg6 39. Qxg6 1-0

[Event "Titled Tuesday intern op 26th Nov Late"]
[Site "Chess.com INT"]
[Date "2024.11.26"]
[Round "4"]
[White "Basko, Bogdan"]
[Black "Martin Rueda, Daniel"]
[Result "0-1"]
[WhiteElo "2179"]
[BlackElo "2257"]
[PlyCount "62"]
[EventDate "2024.11.26"]
[EventType "swiss (blitz)"]
[EventRounds "11"]
[EventCountry "USA"]
[SourceTitle "CB49_2024"]
[SourceDate "2024.12.04"]
[SourceVersion "1"]
[SourceVersionDate "2024.12.04"]
[SourceQuality "1"]

1. d4 d5 2. c4 c6 3. Nf3 Nf6 4. Nc3 dxc4 5. a4 Bf5 6. Ne5 Nbd7 7. Nxc4 Nb6 8. Ne5 a5 9. g3 e6 10. Bg2 Bb4 11. 0-0 0-0 12. h3 h6 13. g4 Bh7 14. h4 Nfd7 15. Nf3 Re8 16. h5 e5 17. dxe5 Nxe5 18. Nxe5 Rxe5 19. Bf4 Re7 20. g5 Rd7 21. Qb3 hxg5 22. Bg3 Qe7 23. e3 Rad8 24. Ne2 Rd3 25. Qa2 Be4 26. Bh3 Nd5 27. Nd4 Bd6 28. Bxd6 Qxd6 29. Qc4 Rxe3 30. fxe3 Qg3+ 31. Bg2 Qxg2# 0-1

[Event "Titled Tuesday intern op 26th Nov Late"]
[Site "Chess.com INT"]
[Date "2024.11.26"]
[Round "9"]
[White "Martin Rueda, Daniel"]
[Black "Ferreira, Vitor Hugo Vieira"]
[Result "1-0"]
[WhiteElo "2257"]
[BlackElo "2128"]
[PlyCount "89"]
[EventDate "2024.11.26"]
[EventType "swiss (blitz)"]
[EventRounds "11"]
[EventCountry "USA"]
[SourceTitle "CB49_2024"]
[SourceDate "2024.12.04"]
[SourceVersion "1"]
[SourceVersionDate "2024.12.04"]
[SourceQuality "1"]

1. Nf3 d5 2. g3 Nf6 3. Bg2 Bf5 4. 0-0 h6 5. d3 e6 6. Nbd2 Be7 7. c4 c6 8. cxd5 exd5 9. Nd4 Bh7 10. N2f3 0-0 11. b3 a5 12. a3 Nbd7 13. Bb2 Qb6 14. Nh4 Rfe8 15. Qc2 Bc5 16. e3 Ne5 17. Rfd1 Bf8 18. Qc3 Rad8 19. h3 Rc8 20. Ndf5 g5 21. Nf3 Bxf5 22. Nxe5 Bg7 23. g4 Bh7 24. Nd7 Qd8 25. Nxf6+ Kh8 26. Nxe8 Bxc3 27. Bxc3+ Kg8 28. Nf6+ Kf8 29. Nxh7+ Ke8 30. Nf6+ Ke7 31. Be5 Qb6 32. Rab1 Ke6 33. d4 Qa6 34. b4 a4 35. e4 dxe4 36. Bxe4 Rd8 37. Rbc1 Ke7 38. Rc5 Qe2 39. Rd3 Rd5 40. Re3 Qd1+ 41. Kg2 Rxc5 42. dxc5 Kd8 43. Bd6 b6 44. Bf5 bxc5 45. Re8# 1-0

[Event "Titled Tuesday intern op 26th Nov Late"]
[Site "Chess.com INT"]
[Date "2024.11.26"]
[Round "7"]
[White "Matlak, Oleksandr"]
[Black "Martin Rueda, Daniel"]
[Result "1/2-1/2"]
[WhiteElo "2235"]
[BlackElo "2257"]
[PlyCount "99"]
[EventDate "2024.11.26"]
[EventType "swiss (blitz)"]
[EventRounds "11"]
[EventCountry "USA"]
[SourceTitle "CB49_2024"]
[SourceDate "2024.12.04"]
[SourceVersion "1"]
[SourceVersionDate "2024.12.04"]
[SourceQuality "1"]

1. c4 c6 2. Nf3 d5 3. g3 Nf6 4. Bg2 dxc4 5. a4 a5 6. 0-0 Nbd7 7. Na3 Nb6 8. Qc2 Qd5 9. Ne1 Qd4 10. d3 cxd3 11. Nxd3 Nbd5 12. Rd1 Bf5 13. e3 Qa7 14. Qe2 e6 15. h3 Bxd3 16. Qxd3 Be7 17. e4 Nb4 18. Qb3 0-0 19. Be3 Bc5 20. Bxc5 Qxc5 21. Rac1 Qa7 22. Nc4 Rfd8 23. Nd6 Rd7 24. e5 Nfd5 25. Kh2 Qxf2 26. Rf1 Qe3 27. Qxe3 Nxe3 28. Rf3 Nxg2 29. Kxg2 f5 30. g4 g6 31. Rc4 Nd5 32. gxf5 exf5 33. Rd4 Re7 34. Nc4 Rae8 35. Rb3 Kf7 36. Kg3 g5 37. h4 h6 38. Nxa5 Rxe5 39. Rxb7+ Kg6 40. Nxc6 Re3+ 41. Kf2 Re2+ 42. Kf1 Re1+ 43. Kf2 R8e2+ 44. Kg3 f4+ 45. Kf3 Re3+ 46. Kf2 R1e2+ 47. Kf1 Re1+ 48. Kf2 R3e2+ 49. Kf3 Re3+ 50. Kf2 1/2-1/2

[Event "Calvia Amateur op 21st"]
[Site "Calvia"]
[Date "2024.10.05"]
[Round "1"]
[White "Schweighofer, Josef"]
[Black "Martin Rueda, Daniel"]
[Result "0-1"]
[WhiteElo "1886"]
[BlackElo "2251"]
[PlyCount "78"]
[EventDate "2024.10.05"]
[EventType "swiss"]
[EventRounds "9"]
[EventCountry "ESP"]
[SourceTitle "CB45_2024"]
[Source "ChessBase"]
[SourceDate "2024.11.06"]
[SourceVersion "1"]
[SourceVersionDate "2024.11.06"]
[SourceQuality "1"]

1. d4 d5 2. c4 c6 3. cxd5 cxd5 4. Nc3 Nf6 5. Nf3 Nc6 6. Bg5 Ne4 7. Bc1 g6 8. e3 Nxc3 9. bxc3 Bg7 10. Be2 0-0 11. 0-0 Bf5 12. c4 Rc8 13. Ba3 Re8 14. Rc1 e6 15. Qa4 a6 16. Rc3 dxc4 17. Rfc1 h6 18. Bxc4 b5 19. Bxb5 axb5 20. Qxb5 Na7 21. Qa6 Rxc3 22. Rxc3 Qd7 23. Qb6 Nb5 24. Rb3 Nxa3 25. Rxa3 Rc8 26. h3 Be4 27. Ra7 Qc6 28. Qxc6 Bxc6 29. Nd2 Bd5 30. a4 Bf8 31. a5 Bb4 32. Nf3 Rc1+ 33. Kh2 Bd6+ 34. Ne5 f6 35. Rd7 Bc7 36. a6 fxe5 37. dxe5 Bxe5+ 38. f4 Bf6 39. a7 Ra1 0-1

[Event "Titled Tuesday intern op 16th Apr Early"]
[Site "Chess.com INT"]
[Date "2024.04.16"]
[Round "8"]
[White "Martin Rueda, Daniel"]
[Black "Viana, Valeria"]
[Result "1-0"]
[WhiteElo "2270"]
[BlackElo "1892"]
[PlyCount "61"]
[EventDate "2024.04.16"]
[EventType "swiss (blitz)"]
[EventRounds "11"]
[EventCountry "USA"]
[SourceTitle "CBM 219 Extra"]
[Source "ChessBase"]
[SourceDate "2024.05.31"]
[SourceVersion "1"]
[SourceVersionDate "2024.05.31"]
[SourceQuality "1"]

1. d4 Nf6 2. Bg5 e6 3. e4 Be7 4. Nd2 d5 5. e5 Nfd7 6. Bxe7 Qxe7 7. Bd3 c5 8. c3 Nc6 9. Ne2 a5 10. 0-0 b6 11. f4 Ba6 12. Bxa6 Rxa6 13. c4 cxd4 14. cxd5 exd5 15. Nf3 0-0 16. Rc1 b5 17. Nexd4 Nxd4 18. Qxd4 Nb6 19. Rc6 Qb7 20. Rfc1 Nc4 21. Rxa6 Qxa6 22. b3 Na3 23. Qxd5 Qg6 24. Qd6 Qe4 25. Qxa3 Qxf4 26. Qc5 h6 27. Rf1 Rb8 28. Qd5 Qe3+ 29. Kh1 Re8 30. Qxb5 g6 31. Qxe8+ 1-0

[Event "ESP-ch rapid"]
[Site "Linares"]
[Date "2018.08.19"]
[Round "3"]
[White "Martin Rueda, Daniel"]
[Black "Ljubojevic, Ljubomir"]
[Result "0-1"]
[WhiteElo "2267"]
[BlackElo "2571"]
[PlyCount "104"]
[EventDate "2018.08.19"]
[EventType "swiss (rapid)"]
[EventRounds "9"]
[EventCountry "ESP"]
[SourceTitle "CBM 186 Extra"]
[Source "ChessBase"]
[SourceDate "2018.08.24"]
[SourceVersion "1"]
[SourceVersionDate "2018.08.24"]
[SourceQuality "1"]

1. d4 g6 2. e4 Bg7 3. Nc3 d6 4. g3 c6 5. a4 a5 6. Bg2 Nf6 7. Nge2 0-0 8. 0-0 Na6 9. h3 Qc7 10. Be3 e5 11. Qd2 Re8 12. Rad1 Be6 13. b3 Rad8 14. f4 exd4 15. Nxd4 Bc8 16. Rfe1 Nh5 17. Bf2 f5 18. exf5 gxf5 19. Rxe8+ Rxe8 20. Re1 Rxe1+ 21. Qxe1 Kf7 22. Nd5 cxd5 23. Bxd5+ Kf8 24. Ne6+ Bxe6 25. Qxe6 Nf6 26. Bc4 Nc5 27. Qxf5 Qd7 28. Qg5 Nce4 29. Qxa5 Nxf2 30. Kxf2 d5 31. Bd3 Kf7 32. Kg2 Bf8 33. g4 Qd6 34. Kf3 Be7 35. Qa8 Bd8 36. Qxb7+ Bc7 37. Bf5 Qxf4+ 38. Ke2 Qe5+ 39. Kd3 Ne4 40. Qc6 Bd6 41. Qd7+ Be7 42. Qc8 Nd6 43. Qd7 Ne4 44. Qc8 Nc5+ 45. Kd2 Bg5+ 46. Kd1 Qd4+ 47. Bd3 Qg1+ 48. Ke2 Qe3+ 49. Kf1 Qxh3+ 50. Ke2 Qg2+ 51. Ke1 Bh4+ 52. Kd1 Qg1+ 0-1

[Event "ESP-ch rapid"]
[Site "Linares"]
[Date "2018.08.19"]
[Round "9"]
[White "Martin Rueda, Daniel"]
[Black "Orantes Taboada, Francisco"]
[Result "1/2-1/2"]
[WhiteElo "2267"]
[BlackElo "2242"]
[PlyCount "70"]
[EventDate "2018.08.19"]
[EventType "swiss (rapid)"]
[EventRounds "9"]
[EventCountry "ESP"]
[SourceTitle "CBM 186 Extra"]
[Source "ChessBase"]
[SourceDate "2018.08.24"]
[SourceVersion "1"]
[SourceVersionDate "2018.08.24"]
[SourceQuality "1"]

1. d4 Nf6 2. Bg5 d5 3. Bxf6 exf6 4. e3 Bd6 5. g3 0-0 6. Bg2 Be6 7. Ne2 c6 8. Nd2 Nd7 9. b3 Nb6 10. 0-0 Qe7 11. a4 a5 12. c3 Rac8 13. Qb1 Rfd8 14. Re1 c5 15. dxc5 Rxc5 16. Nf3 Rdc8 17. Nfd4 Be5 18. Qd3 Bg4 19. Rac1 Qd7 20. Nb5 Bf5 21. Qd2 Qe8 22. Ned4 Bd7 23. Bf1 Bxb5 24. Bxb5 Qe7 25. Bd3 g6 26. f4 Bd6 27. e4 dxe4 28. Rxe4 Qd8 29. Rce1 Bf8 30. Nb5 Rd5 31. Nd4 Qc7 32. Nb5 Qd8 33. Nd4 Qc7 34. Nb5 Qd8 35. Nd4 Qc7 1/2-1/2

[Event "Madrid-ch"]
[Site "Madrid"]
[Date "2017.06.11"]
[Round "7"]
[White "Almagro Llamas, Pablo"]
[Black "Martin Rueda, Daniel"]
[Result "1-0"]
[WhiteElo "2466"]
[BlackElo "2302"]
[PlyCount "107"]
[EventDate "2017.06.05"]
[EventType "swiss"]
[EventRounds "7"]
[EventCountry "ESP"]
[SourceTitle "CBM 179 Extra"]
[Source "ChessBase"]
[SourceDate "2017.08.23"]
[SourceVersion "1"]
[SourceVersionDate "2017.08.23"]
[SourceQuality "1"]

1. Nf3 d5 2. c4 c6 3. e3 Nf6 4. Nc3 a6 5. d4 b5 6. b3 Bg4 7. Be2 e6 8. 0-0 Nbd7 9. h3 Bf5 10. Bd3 Bg6 11. a4 b4 12. Ne2 Bd6 13. Bb2 Qb8 14. Rc1 0-0 15. Bxg6 hxg6 16. Ne1 Rc8 17. Nd3 Ne4 18. f3 Nef6 19. Qd2 c5 20. cxd5 exd5 21. dxc5 Nxc5 22. Nxc5 Bxc5 23. Bd4 Qb6 24. Bxc5 Rxc5 25. Rxc5 Qxc5 26. Rc1 Qe7 27. Qd4 Re8 28. Kf2 g5 29. Rc6 a5 30. Ng3 Nd7 31. Nf5 Qe5 32. Qxe5 Nxe5 33. Rc7 Kf8 34. Ke2 g6 35. Nd4 f5 36. Kd2 f4 37. exf4 gxf4 38. Rc5 Kg7 39. Rxa5 g5 40. Rxd5 Kf6 41. Rd6+ Kf7 42. Nc6 Nxc6 43. Rxc6 Re3 44. Rc2 Rxb3 45. Ra2 Re3 46. Kc1 Ke6 47. a5 b3 48. Ra4 Kd5 49. a6 Re8 50. a7 Ra8 51. Kb2 Kc6 52. Kxb3 Kb7 53. Kb4 Kb6 54. Ra5 1-0

[Event "Madrid-ch"]
[Site "Madrid"]
[Date "2017.06.09"]
[Round "5"]
[White "Espinosa Aranda, Angel"]
[Black "Martin Rueda, Daniel"]
[Result "1/2-1/2"]
[WhiteElo "2456"]
[BlackElo "2302"]
[PlyCount "105"]
[EventDate "2017.06.05"]
[EventType "swiss"]
[EventRounds "7"]
[EventCountry "ESP"]
[SourceTitle "CBM 179 Extra"]
[Source "ChessBase"]
[SourceDate "2017.08.23"]
[SourceVersion "1"]
[SourceVersionDate "2017.08.23"]
[SourceQuality "1"]

1. e4 c5 2. Nc3 d6 3. Nge2 Nf6 4. g3 Nc6 5. Bg2 g6 6. d4 cxd4 7. Nxd4 Nxd4 8. Qxd4 Bg7 9. Bg5 0-0 10. Qd2 Be6 11. 0-0 Qc7 12. Nd5 Bxd5 13. exd5 Rfe8 14. Rac1 b5 15. c4 bxc4 16. b3 c3 17. Rxc3 Qa5 18. Rfc1 Ng4 19. Rc7 Qxd2 20. Bxd2 Bd4 21. Be1 Ne5 22. Bf1 Bb6 23. R7c2 Nf3+ 24. Kg2 Nxe1+ 25. Rxe1 Kf8 26. Ba6 e6 27. Rd1 Rad8 28. b4 exd5 29. a4 Rb8 30. Rxd5 Re4 31. Rb5 Re5 32. Kf3 Ke7 33. Rxe5+ dxe5 34. Ke4 Kd6 35. g4 f5+ 36. gxf5 gxf5+ 37. Kxf5 Rf8+ 38. Kg5 Bxf2 39. Bd3 Be3+ 40. Kh5 Rf4 41. Re2 Bf2 42. Bxh7 Rh4+ 43. Kg6 Rxh2 44. Bg8 Bg1 45. Rxh2 Bxh2 46. Kf5 Bg3 47. Ke4 Be1 48. b5 Ba5 49. Bf7 Bb6 50. Be8 Kc5 51. Kxe5 Kb4 52. Kd5 Kxa4 53. Kc4 1/2-1/2